00938nam a22002417a 4500003000400000005001700004008004100021020001600062040001200078050001500090100002400105245006400129260003600193300002400229490003600253505016400289650002700453650003100480650003500511942001200546999001600558952012200574OSt20230602130544.0120625t xxu||||| |||| 00| 0 eng d a02052688110 cWIUC-GH aPE1408.L42 aLawson, Karen91553 aInvolving your audience : making it active. /cKaren Lawson aBoston :bAllyn & Bacon,c1999. axii, 192 p.:bill.; aThe essence of public speaking  aContents: Demographic influences and challenges -- Audience and speaker attitudes, value systems and style differences -- Audience needs and expectations --  aPublic speaking. 9715 aOral communication. 91045 aBusiness presentations. 91554 2lcccBK c9648d17148 00102lcc4070aWIUC-KLbWIUC-KLcLLd2023-03-27l0oPE1408.L42pK/3283/0381/23r2023-06-02 00:00:00w2023-06-02yBK